| Tag |
First Indicator |
Second Indicator |
Subfields |
| LEADER |
00000cam a2200000 i 4500 |
| 001 |
in00003339708 |
| 005 |
20210312122649.0 |
| 006 |
m o d f |
| 007 |
cr m|||||||||| |
| 008 |
130725s2013 dcuab ob f000 0 eng c |
| 035 |
|
|
|a (OCoLC)ocn853663666
|
| 042 |
|
|
|a pcc
|
| 043 |
|
|
|a n-us---
|
| 040 |
|
|
|a GPO
|b eng
|e rda
|e pn
|c GPO
|d MvI
|
| 049 |
|
|
|a WWW
|
| 074 |
|
|
|a 0546-D (online)
|
| 086 |
0 |
|
|a GA 1.13:GAO-13-528
|
| 088 |
|
|
|a GAO-13-528
|
| 110 |
1 |
|
|a United States.
|b Government Accountability Office,
|e author,
|e issuing body.
|
| 245 |
1 |
0 |
|a U.S. Army Corps of Engineers :
|b building overhead costs into projects and customers' views on information provided : report to the Ranking Member, Committee on Environment and Public Works, U.S. Senate.
|
| 246 |
3 |
|
|a United States Army Corps of Engineers :
|b building overhead costs into projects and customers' views on information provided
|
| 246 |
3 |
0 |
|a Building overhead costs into projects and customers' views on information provided
|
| 246 |
1 |
7 |
|a Army Corps overhead process
|
| 264 |
|
1 |
|a [Washington, D.C.] :
|b United States Government Accountability Office,
|c 2013.
|
| 300 |
|
|
|a 1 online resource (ii, 31 pages) :
|b illustrations, map
|
| 336 |
|
|
|a text
|2 rdacontent
|
| 337 |
|
|
|a computer
|2 rdamedia
|
| 338 |
|
|
|a online resource
|2 rdacarrier
|
| 500 |
|
|
|a Title from title screen (viewed July 18, 2013).
|
| 500 |
|
|
|a "June 2013."
|
| 504 |
|
|
|a Includes bibliographical references.
|
| 500 |
|
|
|a "GAO-13-528."
|
| 610 |
1 |
0 |
|a United States.
|b Army.
|b Corps of Engineers
|x Rules and practice.
|
| 610 |
1 |
0 |
|a United States.
|b Army.
|b Corps of Engineers
|x Customer services
|x Evaluation.
|
| 650 |
|
0 |
|a Overhead costs.
|
| 710 |
1 |
|
|a United States.
|b Congress.
|b Senate.
|b Committee on Environment and Public Works,
|e sponsoring body.
|
| 856 |
4 |
0 |
|u https://purl.fdlp.gov/GPO/gpo38484
|t 0
|
| 856 |
4 |
0 |
|u http://purl.fdlp.gov/GPO/gpo38484
|t 0
|
| 999 |
f |
f |
|s 2013a347-edc8-3300-b1e5-ed443344fd97
|i 195b0beb-7e9a-3812-9e96-58f3b5d10e59
|t 0
|
| 952 |
f |
f |
|a Texas A&M University
|b College Station
|c Electronic Resources
|d Available Online
|t 0
|e GA 1.13:GAO-13-528
|h Superintendent of Documents classification
|
| 998 |
f |
f |
|a GA 1.13:GAO-13-528
|t 0
|l Available Online
|